<?xml version="1.0" encoding="UTF-8"?>
<record
    xmlns:xsi="http://www.w3.org/2001/XMLSchema-instance"
    xsi:schemaLocation="http://www.loc.gov/MARC21/slim http://www.loc.gov/standards/marcxml/schema/MARC21slim.xsd"
    xmlns="http://www.loc.gov/MARC21/slim">

  <leader>00357    a2200145   4500</leader>
  <datafield tag="952" ind1=" " ind2=" ">
    <subfield code="0">0</subfield>
    <subfield code="1">0</subfield>
    <subfield code="2">Library of</subfield>
    <subfield code="4">0</subfield>
    <subfield code="7">0</subfield>
    <subfield code="8">FIC</subfield>
    <subfield code="a">MCL</subfield>
    <subfield code="b">MCL</subfield>
    <subfield code="c">GEN</subfield>
    <subfield code="d">2021-05-21</subfield>
    <subfield code="l">0</subfield>
    <subfield code="o">PL 8861 MAH 1989</subfield>
    <subfield code="p">010500</subfield>
    <subfield code="r">2021-05-21 00:00:00</subfield>
    <subfield code="t">c.1</subfield>
    <subfield code="w">2021-05-21</subfield>
    <subfield code="y">BK</subfield>
  </datafield>
  <datafield tag="952" ind1=" " ind2=" ">
    <subfield code="0">0</subfield>
    <subfield code="1">0</subfield>
    <subfield code="2">Library of</subfield>
    <subfield code="4">0</subfield>
    <subfield code="7">0</subfield>
    <subfield code="8">FIC</subfield>
    <subfield code="a">MCL</subfield>
    <subfield code="b">MCL</subfield>
    <subfield code="c">GEN</subfield>
    <subfield code="d">2021-05-21</subfield>
    <subfield code="l">0</subfield>
    <subfield code="o">PL 8861 MAH 1989</subfield>
    <subfield code="p">010496</subfield>
    <subfield code="r">2021-05-21 00:00:00</subfield>
    <subfield code="t">c.2</subfield>
    <subfield code="w">2021-05-21</subfield>
    <subfield code="y">BK</subfield>
  </datafield>
  <datafield tag="952" ind1=" " ind2=" ">
    <subfield code="0">0</subfield>
    <subfield code="1">0</subfield>
    <subfield code="2">Library of</subfield>
    <subfield code="4">0</subfield>
    <subfield code="7">0</subfield>
    <subfield code="8">FIC</subfield>
    <subfield code="a">MCL</subfield>
    <subfield code="b">MCL</subfield>
    <subfield code="c">GEN</subfield>
    <subfield code="d">2021-05-21</subfield>
    <subfield code="l">0</subfield>
    <subfield code="o">PL 8861 MAH 1989</subfield>
    <subfield code="p">010499</subfield>
    <subfield code="r">2021-05-21 00:00:00</subfield>
    <subfield code="t">c.3</subfield>
    <subfield code="w">2021-05-21</subfield>
    <subfield code="y">BK</subfield>
  </datafield>
  <datafield tag="952" ind1=" " ind2=" ">
    <subfield code="0">0</subfield>
    <subfield code="1">0</subfield>
    <subfield code="2">Library of</subfield>
    <subfield code="4">0</subfield>
    <subfield code="7">0</subfield>
    <subfield code="8">FIC</subfield>
    <subfield code="a">MCL</subfield>
    <subfield code="b">MCL</subfield>
    <subfield code="c">GEN</subfield>
    <subfield code="d">2021-05-21</subfield>
    <subfield code="l">0</subfield>
    <subfield code="o">PL 8861 MAH 1989</subfield>
    <subfield code="p">010489</subfield>
    <subfield code="r">2021-05-21 00:00:00</subfield>
    <subfield code="t">c.4</subfield>
    <subfield code="w">2021-05-21</subfield>
    <subfield code="y">BK</subfield>
  </datafield>
  <datafield tag="952" ind1=" " ind2=" ">
    <subfield code="0">0</subfield>
    <subfield code="1">0</subfield>
    <subfield code="2">Library of</subfield>
    <subfield code="4">0</subfield>
    <subfield code="7">0</subfield>
    <subfield code="8">FIC</subfield>
    <subfield code="a">MCL</subfield>
    <subfield code="b">MCL</subfield>
    <subfield code="c">GEN</subfield>
    <subfield code="d">2021-05-21</subfield>
    <subfield code="l">0</subfield>
    <subfield code="o">PL 8861 MAH 1989</subfield>
    <subfield code="p">010457</subfield>
    <subfield code="r">2021-05-21 00:00:00</subfield>
    <subfield code="t">c.5</subfield>
    <subfield code="w">2021-05-21</subfield>
    <subfield code="y">BK</subfield>
  </datafield>
  <datafield tag="952" ind1=" " ind2=" ">
    <subfield code="0">0</subfield>
    <subfield code="1">0</subfield>
    <subfield code="2">Library of</subfield>
    <subfield code="4">0</subfield>
    <subfield code="7">0</subfield>
    <subfield code="8">FIC</subfield>
    <subfield code="a">MCL</subfield>
    <subfield code="b">MCL</subfield>
    <subfield code="c">GEN</subfield>
    <subfield code="d">2021-05-21</subfield>
    <subfield code="l">0</subfield>
    <subfield code="o">PL 8861 MAH 1989</subfield>
    <subfield code="p">010492</subfield>
    <subfield code="r">2021-05-21 00:00:00</subfield>
    <subfield code="t">c.6</subfield>
    <subfield code="w">2021-05-21</subfield>
    <subfield code="y">BK</subfield>
  </datafield>
  <datafield tag="952" ind1=" " ind2=" ">
    <subfield code="0">0</subfield>
    <subfield code="1">0</subfield>
    <subfield code="2">Library of</subfield>
    <subfield code="4">0</subfield>
    <subfield code="7">0</subfield>
    <subfield code="8">FIC</subfield>
    <subfield code="a">MCL</subfield>
    <subfield code="b">MCL</subfield>
    <subfield code="c">GEN</subfield>
    <subfield code="d">2021-05-21</subfield>
    <subfield code="l">0</subfield>
    <subfield code="o">PL 8861 MAH 1989</subfield>
    <subfield code="p">010490</subfield>
    <subfield code="r">2021-05-21 00:00:00</subfield>
    <subfield code="t">c.7</subfield>
    <subfield code="w">2021-05-21</subfield>
    <subfield code="y">BK</subfield>
  </datafield>
  <datafield tag="952" ind1=" " ind2=" ">
    <subfield code="0">0</subfield>
    <subfield code="1">0</subfield>
    <subfield code="4">0</subfield>
    <subfield code="7">0</subfield>
    <subfield code="8">FIC</subfield>
    <subfield code="a">MCL</subfield>
    <subfield code="b">MCL</subfield>
    <subfield code="c">GEN</subfield>
    <subfield code="d">2021-05-21</subfield>
    <subfield code="l">0</subfield>
    <subfield code="o">PL8861 MAH 1989</subfield>
    <subfield code="p">010495</subfield>
    <subfield code="r">2021-05-21 00:00:00</subfield>
    <subfield code="t">c.8</subfield>
    <subfield code="w">2021-05-21</subfield>
    <subfield code="y">BK</subfield>
  </datafield>
  <datafield tag="952" ind1=" " ind2=" ">
    <subfield code="0">0</subfield>
    <subfield code="1">0</subfield>
    <subfield code="4">0</subfield>
    <subfield code="7">0</subfield>
    <subfield code="8">NFIC</subfield>
    <subfield code="a">MCL</subfield>
    <subfield code="b">MCL</subfield>
    <subfield code="c">GEN</subfield>
    <subfield code="d">2021-05-21</subfield>
    <subfield code="i">14952</subfield>
    <subfield code="l">0</subfield>
    <subfield code="o">PL8861 MAH 1989</subfield>
    <subfield code="p">010493</subfield>
    <subfield code="r">2021-05-21 00:00:00</subfield>
    <subfield code="t">c.9</subfield>
    <subfield code="w">2021-05-21</subfield>
    <subfield code="y">BK</subfield>
  </datafield>
  <datafield tag="999" ind1=" " ind2=" ">
    <subfield code="c">8594</subfield>
    <subfield code="d">8594</subfield>
  </datafield>
  <datafield tag="020" ind1=" " ind2=" ">
    <subfield code="a">0620139013</subfield>
  </datafield>
  <datafield tag="050" ind1=" " ind2=" ">
    <subfield code="a">PL 8861 MAH 1989</subfield>
  </datafield>
  <datafield tag="100" ind1=" " ind2=" ">
    <subfield code="a">Mahamba, A.M.</subfield>
    <subfield code="e">author</subfield>
  </datafield>
  <datafield tag="245" ind1=" " ind2=" ">
    <subfield code="a">Zwo Lungwa /</subfield>
    <subfield code="c">A.M. Mahamba</subfield>
  </datafield>
  <datafield tag="264" ind1=" " ind2=" ">
    <subfield code="a">South Africa :</subfield>
    <subfield code="b">Sovenga,</subfield>
    <subfield code="c">1989</subfield>
  </datafield>
  <datafield tag="300" ind1=" " ind2=" ">
    <subfield code="a">80p.:</subfield>
  </datafield>
  <datafield tag="500" ind1=" " ind2=" ">
    <subfield code="a">No index</subfield>
  </datafield>
  <datafield tag="650" ind1=" " ind2=" ">
    <subfield code="a">Short stories</subfield>
  </datafield>
  <datafield tag="942" ind1=" " ind2=" ">
    <subfield code="2">lcc</subfield>
    <subfield code="c">BK</subfield>
    <subfield code="h">8861</subfield>
    <subfield code="i">MAH</subfield>
    <subfield code="k">PL</subfield>
  </datafield>
</record>
